Abastecimiento de aguas : captación, conducción, depuración y distribución de aguas /
Guardado en:
| Autor Principal: | |
|---|---|
| Otros Autores: | , |
| Formato: | Libro |
| Idioma: | Spanish |
| Publicado: |
Barcelona :
Labor,
1952.
|
| Materias: | |
| Etiquetas: |
Agregar Etiqueta
Sin Etiquetas, Sea el primero en etiquetar este registro!
|
| LEADER | 00740nam a22002055a 4500 | ||
|---|---|---|---|
| 001 | EUN.um069251 | ||
| 003 | AR-BaUNS | ||
| 005 | 20050623122932.0 | ||
| 008 | 041125s1952####sp#a##########000#0#spa#d | ||
| 245 | 1 | 0 | |a Abastecimiento de aguas : |b captación, conducción, depuración y distribución de aguas / |c Alfred Douglas Flinn, Robert Spurr Weston, Clinton Lathrop Bogert. |
| 260 | |a Barcelona : |b Labor, |c 1952. | ||
| 300 | |a 880 p. : |b il ; |c 24 cm. | ||
| 100 | 1 | |a Flinn, Alfred Douglas. | |
| 700 | 1 | |a Weston, Robert Spurr. | |
| 700 | 1 | |a Bogert, Clinton Lathrop. | |
| 082 | 0 | 4 | |a 628.1 |
| 653 | |a Agua | ||
| 653 | |a Abastecimiento de agua | ||
| 653 | |a Ingenieria del abastecimiento de agua | ||
| 859 | |a Ar-BaUNS |b BIB. CENTRAL - Sector A |h 628.1 |i F646 |p 113146/002 | ||
